| 000 | 00428pab a2200169 454500 | ||
|---|---|---|---|
| 008 | 180718b2008 xxu||||| |||| 00| 0 eng d | ||
| 100 | _aAyee, Joseph R.A. | ||
| 245 | _aDecentralization amd governance in Ghana | ||
| 260 | _c2008 | ||
| 300 | _ap.34-52. | ||
| 362 | _aAutumn | ||
| 650 | _aDecentralization - Africa | ||
| 650 | _aDecentralization | ||
| 773 | _aRegional Development Dialogue | ||
| 908 | _aN | ||
| 909 | _a82407 | ||
| 999 |
_c82407 _d82407 |
||